000 00298nam a22001337a 4500
008 170508b xxu||||| |||| 00| 0 eng d
020 _a9780135135020
041 _aeng
080 _25TH
_a343.9
100 _a15
101 _aSHJ
245 _aCRIMINOLOGY TODAY
_cSCHMALLEGER, F
942 _2udc
_cBK
999 _c12924
_d12924